000 01116cam a2200313 a 4500
001 1461
005 20230825120821.0
008 000327s2000 nyua b 000 1 eng
020 _a0439296994
040 _aDLC
_cDLC
_dDLC
_beng
050 0 0 _aPZ7.O81167
_bRe 2000
082 0 0 _aFic
_221
100 1 _aOsborne, Mary Pope.
245 1 0 _aRevolutionary War on Wednesday /
_cby Mary Pope Osborne ; illustrated by Sal Murdocca.
260 _aNew York :
_bScholastic
_c2000.
300 _a69 pages :
_billustrations ;
_c20 cm
490 1 _aMagic tree house
_vBook 22
500 _a"A Stepping stone book."
505 _aI
520 _aUsing their magic tree house, Jack and Annie travel back to the time of the American Revolution and help General George Washington during his famous crossing of the Delaware River.
521 _a450
_bLexile
521 _aI
_bRaz-Plus
650 1 _aTime travel
_vFiction.
650 1 _aMagic
_vFiction.
650 1 _aTree houses
_vFiction.
700 1 _aMurdocca, Sal
_eillustrator
906 _a7
_bcbc
_corignew
_d1
_eocip
_f20
_gy-gencatlg
942 _2ddc
_cBK
_n0
999 _c1461
_d1461